| 000 | 01590nac a22005657a 4500 | ||
|---|---|---|---|
| 001 | BR0809649 | ||
| 003 | BR-BrBNA | ||
| 005 | 20240105123718.0 | ||
| 008 | 230509b bl.|||m| |||| 00| 0 por d | ||
| 040 |
_aBR-BrBNA _bpor _cBiblioteca Nacional de Agricultura |
||
| 072 | _aF08; H20; H10 | ||
| 090 | _a0120 BR0809649 | ||
| 100 | 1 | _aTsunechiro, A. | |
| 100 | 1 | _aVasconcellos, C.A. | |
| 100 | 1 | _aMoretti, C.L. | |
| 100 | 1 | _aKaram, D. | |
| 100 | 1 | _aOliveira, E. de | |
| 100 | 1 | _aGama, E.E.G. e | |
| 100 | 1 | _aFernandes, F.T. | |
| 100 | 1 | _aDurães, F.O.M. | |
| 100 | 1 | _aHenz, G.P. | |
| 100 | 1 | _aPereira Filho, I.A. | |
| 100 | 1 | _aCruz, I. | |
| 100 | 1 | _aDuarte, J. de O. | |
| 100 | 1 | _aCruz, J.C. | |
| 100 | 1 | _aWaquil, J.M. | |
| 100 | 1 | _aMattoso, M.J. | |
| 100 | 1 | _aViana, P.A. | |
| 100 | 1 | _aMagalhães, P.C. | |
| 100 | 1 | _aAlbuquerque, P.E.P. de | |
| 110 | 1 | _aEMBRAPA Milho e Sorgo, Sete Lagoas, MG (Brasil) | |
| 245 | 1 | _aA cultura do milho-verde | |
| 260 | 3 |
_aBrasília, DF (Brasil): _bEMBRAPA Informação Tecnlógica, _c2008. |
|
| 300 | _a61 p. | ||
| 490 |
_aColeção Plantar (Brazil) _vno. 59 _x |
||
| 500 | _a20 illus.; 5 tables | ||
| 650 | _aMILHO VERDE | ||
| 650 | _aVARIEDADE | ||
| 650 | _aSISTEMA DE CULTIVO | ||
| 650 | _aDOENÇA DE PLANTA | ||
| 650 | _aCOLHEITA | ||
| 650 | _aPRAGA DE PLANTA | ||
| 650 | _aCOLHEITA | ||
| 650 | _aCOMERCIALIZAÇÃO | ||
| 650 | _aCONTROLE QUÍMICO | ||
| 650 | _aCONTROLE BIOLÓGICO | ||
| 650 | _aCUSTO DE PRODUÇÃO | ||
| 909 |
_a202312 _bLúcia Elande _c55 _dLúcia Elande |
||
| 942 |
_2AGRIS _n0 _cMS |
||
| 999 |
_c296665 _d296665 |
||